Responses for Show #5899 - Thursday, April 15, 2010

2009-2010 Million Dollar Celebrity Invitational quarterfinal game 8.

Contestants

[<< previous game]

Hill Harper, an author and actor from CSI: NY

Rebecca Lobo, a future Women's Basketball Hall of Famer and ESPN analyst originally from the WNBA

Neil Patrick Harris, an actor from How I Met Your Mother

[next game >>]

Jeopardy! Round responses

RHYME SCENE INVESTIGATION
TV: WHO PLAYED 'EM?
DOCTOR HORRIBLE
IT'S ALL ABOUT HER
A LOAD OF LOBOS
I WANT "A_E"
(Alex: "I want a blanky". Each correct response will be three letters.)
    $200 1
Rome

Triple Stumper
    $200 9
Candice Bergen

Hill
    $200 17
strychnine

Hill
    $200 12
a ghost town

Hill
    $200 4
an ace

Neil
    $400 2
the Rio Grande

Neil
    $400 10
(Hill: Who is, um... um... um...)
(Alex: Pointing does you no good.)
(Hill: Uh, [*]. Took me a minute.)

Ted Danson

Hill
    $400 18
(Alex: With a minute to go.)

Brazil

Rebecca
    $400 13
wrestling

Rebecca
    $400 5
awe

Neil
    $600 3
(Alex: The song was way before your time.)

on a tropic isle

Triple Stumper
    $600 11
(Hill: Who is, um... see, I'm ringing in before I know the answer. Um, Magnum, P.I., um...)
(Alex: Sorry, we got to call you on time on that one.)

Tom Selleck

RebeccaHill
    $600 19
Medicare

Hill
    $600 14
(Neil: What is Boom Boom Boom?)

Tiki Tiki Tiki

Neil
Triple Stumper
    $600 6
an axe

Rebecca
    $800 20
Atlantic City

Neil
    $800 22
(Alex: Cagney & Lacey. [*].)

Tyne Daly

Triple Stumper
    $800 15
a wolf

Rebecca
    $800 7
ale

Neil
    $1000 21
Calcutta

Neil
    $1000 23
(Hill: Uh, who is, um... um... Three's Company.)
(Alex: Nope.)
[The end-of-round signal sounds.]

Matthew Fox

Hill
Triple Stumper
    $1000 16
Java

Triple Stumper
    $1000 8
ape

Neil

Scores at the first commercial break (after clue 14):

Neil Rebecca Hill
$2,200 $1,600 $200

Scores at the end of the Jeopardy! Round:

Neil Rebecca Hill
$4,000 $2,800 $0

Double Jeopardy! Round responses

IN THE BEGINNING
THE CENTURY OF ITS INVENTION
THE 13 COLONIES' NAME ORIGINS
THE LONDON STAGE
STOCK SYMBOLS
STAG FILMS
    $400 21
Inauguration Day

Hill
    $400 11
(Neil: What is the 20th century?)

the 21st century

NeilRebecca
    $400 16
Rhode Island

Rebecca
    $400 2
Michael Jackson

Neil
    $400 1
(Hill: [Selecting the first clue] Alex, I'm gonna start with CSI: NY CHARACTER NAMES for $400.)
[Laughter]
(Alex: O-kay...)
(Hill: That's not--oh.)

General Electric

Neil
    $400 23
Bambi

Neil
    $800 22
a kickoff

Neil
    $800 12
the 20th century

Hill
    $800 17
New Hampshire

Rebecca
    $800 3
Oliver!

Neil
    $800 7
Eastman Kodak

Rebecca
    $800 24
Harry Potter

Neil
    $1200 28
an initiation

Triple Stumper
    $1200 13
the 19th century

Neil
    $1200 18
Georgia

Hill
    $1200 4
The Phantom of the Opera

Neil
    $1200 8
Domino's Pizza

Rebecca
    $2,000 25
(Neil: I didn't want to get the Daily Double!)
(Hill: You can give it to me!)

The Deer Hunter

Neil
    $600 29
(Alex: Well, you didn't want to hit one of them. You hit 'em both. But you picked up $2,000 the last time.)
...
(Neil: What is... I don't know.)

debut

Neil
    $1600 14
the 18th century

Neil
    $1600 19
(Neil: Who is Queen Victoria?)

Elizabeth I

Neil
Triple Stumper
    $1600 5
Daryl Hannah

Triple Stumper
    $1600 9
Bank of America

Hill
    $1600 26
(Alex: Didn't she win an Oscar for playing Queen Elizabeth II in the movie [*]?)

The Queen

Triple Stumper
    $2000 30
(Alex: Good for you. You're on the board with $2,000. You're gonna get to play in Final Jeopardy!)

commencement

Hill
    $2000 15
(Hill: What is the 16th century?)

the 17th century

RebeccaHill
    $2000 20
(Hill: I'm done guessing, so...)

Maryland

Triple Stumper
    $2000 6
(Hill: What is Cat on a Hot Tin Roof?)
(Alex: No.)
(Hill: Streetcar Named Desire.)
(Alex: No.)

The Glass Menagerie

NeilHill
    $2000 10
Rite Aid

Triple Stumper
    $2000 27
The Yearling

Triple Stumper

Scores at the end of the Double Jeopardy! Round:

Neil Rebecca Hill
$13,000 $8,400 $2,000

[wagering suggestions for these scores]

Final Jeopardy! Round responses

BEATLES SONGS
(Hill: Before you show this, Alex, I just want to say that The Beatles were before my time.)
HillWhat is Hey Jude
$2,000
RebeccaWhat Se La Vi
$4,000
NeilWhat is Let It Be?
$4,000
"Ob-La-Di, Ob-La-Da"

Final scores:

Neil Rebecca Hill
$9,000 $4,400 $0
Winner: $50,000 to Food On Foot 2nd place: $25,000 to St. Mary's School 3rd place: $25,000 to Manifest Your Destiny Foundation

Game dynamics:

Coryat scores:

Neil Rebecca Hill
$12,800 $8,400 $2,000
18 R
(including 1 DD),
4 W
(including 1 DD)
11 R,
0 W
10 R,
4 W

Combined Coryat: $23,200

[game clues] [game scores] [suggest correction]

Game tape date: 2010-03-13
The J! Archive is created by fans, for fans. Scraping, republication, monetization, and malicious use prohibited; this site may use cookies and collect identifying information. See terms. The Jeopardy! game show and all elements thereof, including but not limited to copyright and trademark thereto, are the property of Jeopardy Productions, Inc. and are protected under law. This website is not affiliated with, sponsored by, or operated by Jeopardy Productions, Inc. Join the discussion at JBoard.tv.